Fundamentals of Corporate Finance (Record no. 3919)

MARC details
005 - DATE AND TIME OF LATEST TRANSACTION
control field 20250613063752.0
020 ## - INTERNATIONAL STANDARD BOOK NUMBER
International Standard Book Number 978-1-265-10259-3
082 ## - DEWEY DECIMAL CLASSIFICATION NUMBER
Classification number 658.15 BRE
100 ## - MAIN ENTRY--PERSONAL NAME
Author name BREALEY, R . A .
245 ## - TITLE STATEMENT
Title Fundamentals of Corporate Finance
250 ## - EDITION STATEMENT
Edition statement 11th Ed.
260 ## - PUBLICATION, DISTRIBUTION, ETC.
Place of publication, distribution, etc. New Yorkm,
Name of publisher, distributor, etc. McGraw- Hill,
Date of publication, distribution, etc. 2023.
300 ## - PHYSICAL DESCRIPTION
Extent xxxi, 766p.: ilol.; figure, table,
Other physical details glossary & index,
Dimensions 28cm.
700 ## - ADDED ENTRY--PERSONAL NAME
Other authors/Editors MYERS, S .C . & MARCUS, A . J .
942 ## - ADDED ENTRY ELEMENTS (KOHA)
Source of classification or shelving scheme Dewey Decimal Classification
Koha item type Books
Holdings
Date last seen Total checkouts Full call number Barcode Cost, replacement price Price effective from Koha item type Lost status Source of classification or shelving scheme Damaged status Not for loan Withdrawn status Home library Current library Shelving location Date acquired Cost, normal purchase price
06/13/2025   658.15 BRE 00000012895 308808.06 06/13/2025 Books   Dewey Decimal Classification       College of Business Education Main Library College of Business Education Main Library General Collection 09/17/2024 102936.02
06/13/2025   658.15 BRE 00000012896 308808.06 06/13/2025 Books   Dewey Decimal Classification       College of Business Education Main Library College of Business Education Main Library General Collection 09/17/2024 102936.02
06/13/2025   658.15 BRE 00000012897 308808.06 06/13/2025 Books   Dewey Decimal Classification       College of Business Education Main Library College of Business Education Main Library Special Reserve Collection 09/17/2024 102936.02
06/13/2025   658.15 BRE 00000012898 308808.06 06/13/2025 Books   Dewey Decimal Classification       College of Business Education Main Library College of Business Education Main Library General Collection 09/17/2024 102936.02
06/13/2025   658.15 BRE 00000012899 308808.06 06/13/2025 Books   Dewey Decimal Classification       College of Business Education Main Library College of Business Education Main Library General Collection 09/17/2024 102936.02